[Event "RUS-ch Rapid Men 2018"]
[Site "Sochi"]
[Date "2018.10.06"]
[Round "11"]
[White "Lugovskoy, Maxim"]
[Black "Alekseenko, Kirill"]
[Result "1-0"]
[WhiteElo "2428"]
[BlackElo "2639"]
[Annotator "TA"]
[PlyCount "57"]
[EventDate "2018.10.05"]
[EventType "swiss"]
[EventCountry "RUS"]
[SourceTitle "playchess.com"]
[Source "ChessBase"]
[SourceQuality "1"]

{[%evp 9,57,51,50,-11,0,0,0,-20,-5,-6,-18,-35,-17,-33,-21,-41,-43,-13,-12,-68,-52,-60,-63,-63,-22,-70,-65,-75,-78,-89,50,0,299,307,302,289,450,431,396,430,1058,1053,1125,1055,1645,1632,1539,1530,29998,29999]} 1. e4 c5 2. c3 Qa5 3. Nf3 Nc6 4. Be2 Nf6 (4... d6 5. O-O Nf6 6. d4 Nxe4 7. d5 Ne5 8. Na3 Nxf3+ 9. Bxf3 Nf6 10. Re1 Bd7 11. Bf4 O-O-O 12. Nc4 {0-1 (54) Tkachiev,V (2664)-Movsesian,S (2723) Moscow 2008}) 5. e5 Ng4 6. O-O {B22: Sicilian: 2 c3} (6. d4 $14) 6... Ngxe5 $11 7. Nxe5 Nxe5 8. d4 {The position is equal.} Ng6 $146 ({Predecessor:} 8... Nc6 9. d5 Nb8 10. d6 e6 11. Nd2 a6 12. Nc4 {½-½ (42) Cardenas Carbajal,N (2020)-Burgos Figueroa,C (2211) San Salvador 2017}) 9. Be3 cxd4 10. cxd4 e6 {[%cal Be7e6,Be6f5][%mdl 32]} 11. Nc3 d5 12. f4 Bd6 13. Bb5+ Kf8 $1 14. f5 (14. Qh5 $1 $11) 14... exf5 $15 15. Bd3 Ne7 $1 16. Qf3 Be6 17. Rae1 h5 18. Bg5 g6 $1 19. Nb5 Bb4 (19... Qd8 $17) 20. Qg3 {Nc7 is the strong threat.} (20. Rxe6 $5 fxe6 21. Qe3 $14) 20... Rc8 $2 {[%mdl 8192] [#]} ({Avoid the trap} 20... Qxa2 $2 21. Nc7 $18) (20... Bxe1 $11 {and Black has nothing to worry.} 21. Bxe7+ Kxe7 22. Qd6+ Kf6 23. Qe5+ Ke7 24. Qd6+ Kf6 25. Qe5+ Ke7 26. Qd6+) 21. Rxe6 $1 $18 {[%mdl 512]} fxe6 22. a3 Bd2 {[#]} (22... Nc6 $142 23. axb4 Qxb4 24. Nxa7 Kf7) 23. b4 $1 {[%cal Rb4a5]} Qb6 {Threatens to win with ...Bxg5.} 24. Bxd2 a6 (24... Rh7 $142 25. Qe5 Rc6) 25. Qe5 Rh7 26. Nd6 Rd8 27. Qf6+ Kg8 28. Qxe6+ Kf8 {[#]} 29. Bh6+ $1 {[%mdl 512] Precision: White = 59%, Black = 45%.} 1-0

[Event "RUS-ch Rapid Men 2018"]
[Site "Sochi"]
[Date "2018.10.06"]
[Round "11"]
[White "Pogromsky, Mikhail"]
[Black "Sakaev, Konstantin"]
[Result "1-0"]
[WhiteElo "2415"]
[BlackElo "2584"]
[Annotator "ChessBase"]
[PlyCount "100"]
[EventDate "2018.10.05"]
[EventType "swiss"]
[EventCountry "RUS"]
[SourceTitle "playchess.com"]
[Source "ChessBase"]
[SourceQuality "1"]
[TimeControl "900+10"]

1. d4 {[%emt 0:00:08]} Nf6 {[%emt 0:00:00]} 2. Nc3 {[%emt 0:00:01]} d5 {[%emt 0:00:00]} 3. Bg5 {[%emt 0:00:01]} Nbd7 {[%emt 0:00:02]} 4. Nf3 {[%emt 0:00:05]} h6 {[%emt 0:02:32]} 5. Bh4 {[%emt 0:00:05]} e6 {[%emt 0:00:03]} 6. e3 {[%emt 0:00:49]} Be7 {[%emt 0:00:17]} 7. Be2 {[%emt 0:00:08]} c5 {[%emt 0:00:16]} 8. O-O {[%emt 0:00:16]} a6 {[%emt 0:00:12]} 9. a4 {[%emt 0:00:31]} b6 {[%emt 0:00:23]} 10. Ne5 {[%emt 0:00:31]} Nxe5 {[%emt 0:01:34]} 11. dxe5 {[%emt 0:00:02]} Nd7 {[%emt 0:00:04]} 12. Bxe7 {[%emt 0:00:35]} Qxe7 {[%emt 0:00:01]} 13. f4 {[%emt 0:00:02]} Bb7 {[%emt 0:00:02]} 14. Bf3 {[%emt 0:00:22]} O-O {[%emt 0:00:06]} 15. e4 {[%emt 0:01:07]} d4 {[%emt 0:00:05]} 16. Ne2 {[%emt 0:00:01]} Rfd8 {[%emt 0:00:35]} 17. Qe1 {[%emt 0:00:11]} Nf8 {[%emt 0:01:40]} 18. Rd1 {[%emt 0:00:31]} Ng6 {[%emt 0:00:32]} 19. g3 {[%emt 0:00:56]} Rd7 {[%emt 0:00:32]} 20. Qf2 {[%emt 0:01:05]} Rad8 {[%emt 0:00:07]} 21. Rd3 {[%emt 0:00:21]} Qe8 {[%emt 0:02:45]} 22. Rfd1 {[%emt 0:02:55]} Ne7 {[%emt 0:00:28]} 23. c3 {[%emt 0:01:00]} dxc3 {[%emt 0:00:20]} 24. Rxd7 {[%emt 0:00:02]} Rxd7 {[%emt 0:00:03]} 25. Rxd7 {[%emt 0:00:01]} Qxd7 {[%emt 0:00:02]} 26. Nxc3 {[%emt 0:00:02]} Nc6 {[%emt 0:00:05]} 27. Qe3 {[%emt 0:01:42]} Nd4 {[%emt 0:00:18]} 28. Bg2 {[%emt 0:00:28]} Bc6 {[%emt 0:01:52]} 29. Qd3 {[%emt 0:00:37]} b5 {[%emt 0:00:13]} 30. axb5 {[%emt 0:00:01]} axb5 {[%emt 0:00:05]} 31. Kf2 {[%emt 0:00:41]} b4 {[%emt 0:00:10]} 32. Nd1 {[%emt 0:00:02]} Bb5 {[%emt 0:00:15]} 33. Qd2 {[%emt 0:00:01]} Qa7 {[%emt 0:00:21]} 34. Ne3 {[%emt 0:00:30]} Qa1 {[%emt 0:00:18]} 35. f5 {[%emt 0:00:15]} Qb1 {[%emt 0:00:29]} 36. f6 {[%emt 0:00:08]} Qd3 {[%emt 0:00:39]} 37. Qxd3 {[%emt 0:01:57]} Bxd3 {[%emt 0:00:02]} 38. fxg7 {[%emt 0:00:02]} Kxg7 {[%emt 0:00:54]} 39. Bf1 {[%emt 0:01:19]} Bxe4 {[%emt 0:00:08]} 40. Nc4 {[%emt 0:00:04]} Bd5 {[%emt 0:00:58]} 41. Nb6 {[%emt 0:00:11]} Nc6 {[%emt 0:00:20]} 42. Nd7 {[%emt 0:00:04]} c4 {[%emt 0:00:52]} 43. Ke3 {[%emt 0:00:08]} Kg6 {[%emt 0:00:09]} 44. h4 {[%emt 0:00:08]} h5 {[%emt 0:00:22]} 45. Be2 {[%emt 0:00:43]} Ne7 {[%emt 0:00:09]} 46. Kf4 {[%emt 0:00:34]} Bc6 {[%emt 0:00:29]} 47. Nb8 {[%emt 0:00:19]} Nd5+ {[%emt 0:00:27]} 48. Kf3 {[%emt 0:00:17]} Bb7 {[%emt 0:00:22]} 49. Kf2 {[%emt 0:00:09]} Nb6 {[%emt 0:00:11]} 50. Ke3 {[%emt 0:00:05]} b3 {[%emt 0:00:31]} 1-0

[Event "RUS-ch Rapid Men 2018"]
[Site "Sochi"]
[Date "2018.10.06"]
[Round "11"]
[White "Bykov, Oleg"]
[Black "Yuffa, Daniil"]
[Result "0-1"]
[WhiteElo "2411"]
[BlackElo "2563"]
[Annotator "TA"]
[PlyCount "108"]
[EventDate "2018.10.05"]
[EventType "swiss"]
[EventCountry "RUS"]
[SourceTitle "playchess.com"]
[Source "ChessBase"]
[SourceQuality "1"]

{[%evp 33,108,38,43,22,13,-20,-13,-12,-8,-5,-5,-28,-18,-17,-12,-12,-16,-16,-36,-27,-33,-52,-34,-67,-77,-82,-26,-36,-41,-47,-42,-85,-51,-76,-55,-111,-89,-88,-93,-97,-34,-25,-27,-33,-31,-110,-62,-81,0,-67,-41,-84,0,-88,-77,-375,-385,-403,-322,-652,-639,-1156,-1156,-1110,-1044,-820,-968,-1088,-1021,-1603,-1504,-1735,-1522,-29982,-29983,-29983,-29984]} 1. d4 Nf6 2. c4 g6 3. Nc3 Bg7 4. e4 d6 5. Nf3 {[%cal Bg1f3,Bf3e1,Be1d3][%mdl 32]} O-O 6. Be2 e5 7. O-O Nc6 8. d5 Ne7 9. Ne1 Nd7 10. Be3 f5 11. f3 f4 12. Bf2 g5 13. Nd3 Nf6 14. c5 Ng6 15. Rc1 Rf7 16. Kh1 {E99: Königsindisch (Klassisches System)} Bf8 17. Rg1 Rg7 {LiveBook: 3 Partien} 18. g3 {Weiß steht etwas besser.} (18. b4 h5 19. Qd2 g4 20. g3 fxg3 21. Rxg3 a5 22. a3 axb4 23. axb4 c6 24. dxc6 bxc6 25. cxd6 Qxd6 {½-½ (41) Lenderman,A (2599)-Nakamura,H (2787) Saint Louis 2018}) 18... fxg3 $1 19. Rxg3 $146 ({Vorgänger:} 19. hxg3 h5 20. cxd6 Bxd6 21. Rg2 g4 22. Nb5 gxf3 23. Bxf3 Bh3 {0-1 (54) Beres,J (2183)-Hamilton,D (2115) ICCF email 2016}) 19... Nh5 20. Rg1 Ngf4 21. Nxf4 Nxf4 22. Be3 dxc5 23. Bxf4 $1 gxf4 24. Rxg7+ Kxg7 25. Qg1+ Kh8 26. Qg2 Bd6 27. Rg1 {[%csl Gg1][%cal Rg2g7] [#]} Qf8 28. Bb5 a6 29. Be8 c4 (29... Be7 $17) 30. Qg5 $11 Bg4 31. Qxg4 Rxe8 32. Qd7 Ra8 33. Rg5 Qf6 34. h4 (34. Rg2 $15) 34... Rg8 (34... Rd8 {with more complications.} 35. Qg4 b5 36. Rf5 Qg7 37. Rg5 Qf7) 35. Rxg8+ Kxg8 36. Qg4+ Qg6 (36... Kf7 $17 37. Ne2 b5) 37. Qc8+ $15 Kg7 38. Ne2 Qf6 39. Qg4+ (39. Qxb7 $15 Qxh4+ 40. Kg2) 39... Kf8 40. Kh2 Be7 (40... Ke7 $17) 41. Kh3 ({Lieber} 41. Qc8+ $1 $11 Bd8 42. Qxb7) 41... b5 $36 {[%mdl 2048] Schwarz drückt.} 42. a3 h6 (42... Kf7 $17) 43. Nc3 (43. Qc8+ $11 Kg7 44. Qxc7) 43... Ke8 $17 44. d6 $2 {[%mdl 8192] [#]} (44. Qg8+ $17 Kd7 45. Qg4+ Kd8 46. h5) 44... Qxd6 $19 45. Qc8+ Bd8 46. Kh2 $2 (46. Qf5) 46... Qd2+ 47. Kh3 Qd7+ 48. Qxd7+ Kxd7 {[%mdl 4096] Endspiel KL-KS} 49. Kg4 Ke6 50. Nd5 a5 {[%cal Ba6a5,Ba5b4][%mdl 32]} 51. Nc3 b4 52. axb4 axb4 53. Nd5 c5 54. Kh3 h5 {Precision: Weiß = 33%, Schwarz = 57%.} 0-1

[Event "RUS-ch Rapid Men 2018"]
[Site "Sochi"]
[Date "2018.10.06"]
[Round "11"]
[White "Yashmetov, Mikhail"]
[Black "Vastrukhin, Oleg"]
[Result "1-0"]
[WhiteElo "2394"]
[BlackElo "2413"]
[Annotator "TA"]
[PlyCount "73"]
[EventDate "2018.10.05"]
[EventType "swiss"]
[EventCountry "RUS"]
[SourceTitle "playchess.com"]
[Source "ChessBase"]
[SourceQuality "1"]

{[%evp 20,73,18,3,14,0,0,0,19,4,13,22,12,3,20,24,23,-91,21,-61,21,0,11,15,49,17,18,-139,52,52,31,51,68,33,60,34,81,112,424,395,416,390,689,693,676,665,29973,29974,29974,29975,29973,29974,29972,29973,29973,29973]} 1. Nf3 g6 2. g3 Bg7 3. d4 c5 4. c3 Nf6 5. Bg2 O-O 6. O-O cxd4 7. cxd4 d5 8. Ne5 Nc6 9. Nxc6 bxc6 10. Nc3 Bf5 11. Bf4 Rc8 {D79: Fianchetto Grünfeld: Symmetrical Variation (6 0-0 c6 7 cxd5 cxd5)} 12. Na4 Nd7 13. Rc1 Re8 {The position is equal.} 14. b3 e5 15. dxe5 Nxe5 16. Be3 Qe7 17. Bc5 Qd7 {[#]} 18. Bd4 $146 (18. Re1 $11 {remains equal.}) ({Predecessor:} 18. Qd2 Bh3 19. Bd4 Bxg2 20. Kxg2 {1-0 (50) Praggnanandhaa,R (2517)-Badelka,O (2388) Ahmedabad 2017}) 18... h5 (18... Nd3 $1 $17 {[%cal Rd3c1]} 19. exd3 Bxd4) 19. Qd2 (19. e3 $11) 19... h4 (19... Nd3 $1 $15 20. exd3 Bxd4) 20. Qb2 ({Don't play} 20. gxh4 Nd3 $15) 20... h3 21. Bh1 {And now f4 would win.} f6 22. Rfd1 Qe7 23. Re1 $2 {[#]} (23. Qc3 $11) 23... Kh7 $2 (23... Nd3 $1 $17 {[%cal Rd3b2][%mdl 512]} 24. Qc3 (24. exd3 Qxe1+) 24... Nxc1 25. Qxc1 g5) 24. Qc3 g5 25. Nc5 Qf7 26. Rcd1 (26. e4 $5 {[%cal Re4f5]} Bg4 27. f4 $16) 26... g4 27. e4 dxe4 28. Nxe4 Rcd8 $2 {[%mdl 8192] [#]} (28... Bxe4 $16 {is tougher.} 29. Rxe4 (29. Bxe4+ f5 $16) 29... Rcd8) 29. Bxe5 $1 $18 Rxd1 30. Rxd1 Qe6 $2 (30... Bxe4 31. Bxe4+ Kh8 32. Qxc6 (32. Bxc6 Rxe5 33. f4 gxf3 $16) 32... Rxe5 33. Qc8+ Bf8) 31. Nxf6+ Bxf6 32. Bxf6 Be4 33. Bxe4+ {White mates.} Qxe4 34. Rd7+ Kg6 35. Rg7+ Kf5 36. Rg5+ Ke6 37. Re5+ {Precision: White = 35%, Black = 18%.} 1-0

[Event "RUS-ch Rapid Men 2018"]
[Site "Sochi"]
[Date "2018.10.06"]
[Round "11"]
[White "Slavin, Alexey"]
[Black "Gordievsky, Dmitry"]
[Result "1/2-1/2"]
[WhiteElo "2364"]
[BlackElo "2615"]
[Annotator "TA"]
[PlyCount "122"]
[EventDate "2018.10.05"]
[EventType "swiss"]
[EventCountry "RUS"]
[SourceTitle "playchess.com"]
[Source "ChessBase"]
[SourceQuality "1"]

{[%evp 9,122,51,52,-15,6,8,31,12,20,-35,45,48,81,68,80,75,44,51,137,139,153,141,133,78,59,55,137,113,120,80,75,64,107,82,55,56,57,56,56,54,54,55,112,112,99,106,121,57,61,63,68,65,77,51,43,25,608,186,182,191,228,224,202,199,184,23,22,14,20,20,29,29,152,28,155,93,164,76,80,65,209,209,209,197,339,11,11,11,11,6,6,0,0,0,6,0,0,0,0,0,0,0,0,0,0,0,0,0,0,0,0,0,0,0,0]} 1. d4 f5 2. Bg5 h6 3. Bh4 g5 4. e3 Nf6 5. Bg3 Bg7 {LiveBook: 53 Games} 6. c4 {A80: Dutch Defence: Unusual White second moves} (6. Nc3 $14) 6... d6 7. Nc3 Nc6 8. d5 {White is slightly better.} Ne5 9. f4 $146 (9. h4 $11) ({Predecessor:} 9. Nf3 Nxf3+ 10. gxf3 e5 11. dxe6 Bxe6 12. Bd3 {0-1 (58) Lalith,B (2570)-Sandipan,C (2585) Al Ain 2015}) 9... Nf7 (9... Neg4 $15) 10. Bd3 $14 e5 11. dxe6 $1 Bxe6 12. Qc2 Qd7 13. Nf3 Ng4 (13... c5 $14) 14. h3 $1 $16 {[%cal Rh3g4]} Nf6 {[%cal Bg4f6,Bf6h5,Bh5f4][%mdl 32]} 15. Nd4 Nh5 16. Nxf5 (16. Bh2 $142 $1) 16... Bxc3+ 17. bxc3 Bxf5 ({Better is} 17... Nxg3 $14 18. Nxg3 Qc6) 18. Bxf5 Qe7 19. Bf2 Nxf4 20. O-O Ne6 21. Rab1 Nc5 22. e4 O-O 23. Bxc5 dxc5 24. Rxb7 Nd6 25. Rbb1 Kh8 (25... Kg7 $14) 26. Qa4 $1 Qe8 27. Qa6 Rf6 {[#]} 28. Rbe1 (28. Rbd1 $1 $16) 28... Qe5 $1 $14 29. Qc6 Re8 {[%cal Rd6f5]} 30. Qxc7 {[%csl Gf5][%cal Rc7h7]} Re7 $1 {[%cal Re7c7]} 31. Qb8+ Kg7 32. Rd1 {aiming for Rd5.} Qg3 $2 {[%mdl 8192]} (32... Nxf5 $11 33. Qxe5 Rxe5 34. exf5 Rexf5) 33. Qd8 $2 (33. Rf3 Qe5 34. Rd5) 33... Nxf5 $18 34. exf5 Ref7 35. Rd3 Qe5 36. Qd5 Rxf5 37. Rxf5 $2 (37. Rdf3 $18 Qxd5 38. cxd5 Rxf3 39. Rxf3 (39. gxf3 Rf4 $14)) 37... Qxf5 $11 38. Qxf5 Rxf5 $18 {[%mdl 4096] Endgame KR-KR} 39. Rd7+ Rf7 40. Rd5 Rc7 (40... Rf6 $1 $11 {remains equal.}) 41. Rd6 ({White should try} 41. a4 $16) 41... h5 (41... Rf7 $11) 42. Ra6 (42. Rd5 $142) 42... h4 {[#]} (42... Re7 $16) 43. Kf2 (43. a4 $1 $18) 43... Rf7+ $16 44. Ke2 Rf6 (44... Re7+ $14 45. Kd3 Rd7+ 46. Ke2 Re7+ 47. Kd3 Rd7+ 48. Kc2 Rf7) 45. Rxa7+ $18 Kg6 46. Ra5 Rc6 (46... Re6+ $142 47. Kd3 Rd6+ 48. Ke2 Re6+ 49. Kd3 Rd6+ 50. Ke3 Re6+ 51. Kd3) 47. Rb5 $2 (47. a4 $18) 47... Ra6 $1 $11 {The position is equal.} 48. Rxc5 Rxa2+ 49. Kf3 Rc2 50. Rc6+ Kf5 51. Rc5+ Kg6 52. Rc6+ Kf5 53. g4+ hxg3 54. Rc5+ Kf6 {...g2 is the strong threat.} 55. Kxg3 Rc1 56. Kg4 {Black must now prevent Rc6+.} Rg1+ 57. Kf3 {Threatens to win with Rd5.} Rc1 58. Ke4 Rxc3 59. Rc6+ Ke7 60. Kf5 Rxh3 61. Kxg5 Rf3 {Precision: White = 34%, Black = 43%.} 1/2-1/2

[Event "RUS-ch Rapid Men 2018"]
[Site "Sochi"]
[Date "2018.10.06"]
[Round "11"]
[White "Stambulian, Arsen"]
[Black "Kozionov, Kirill"]
[Result "0-1"]
[WhiteElo "2339"]
[BlackElo "2458"]
[Annotator "TA"]
[PlyCount "50"]
[EventDate "2018.10.05"]
[EventType "swiss"]
[EventCountry "RUS"]
[SourceTitle "playchess.com"]
[Source "ChessBase"]
[SourceQuality "1"]

{[%evp 19,50,2,-3,-12,-10,-39,-24,-72,-35,-151,-152,-162,-173,-164,-178,-294,-268,-288,-205,-354,-345,-351,-351,-328,-297,-279,-292,-602,-591,-664,-533,-29993,-29994]} 1. c4 e5 2. Nc3 Nf6 3. Nf3 Nc6 4. g3 d5 5. cxd5 Nxd5 6. Bg2 Nb6 7. d3 Be7 8. a3 {A29: Englische Eröffnung (Vierspringer-Variante)} (8. O-O O-O 9. Be3 Be6 10. Rc1 Nd5 11. Nxd5 Bxd5 12. Qc2 Re8 13. a3 a6 14. Rfd1 Bf6 15. Nd2 Bxg2 16. Kxg2 Bg5 17. Bxg5 Qxg5 18. e3 {1-0 (57) So,W (2778)-Giri,A (2782) Leuven 2018}) 8... Be6 9. b4 a5 10. b5 Nd4 {[#] LiveBook: 6 Partien. Und weiter mit ...Lb3 wäre nett.} 11. Nxd4 exd4 12. Ne4 a4 13. O-O O-O $146 ({Vorgänger:} 13... Ra5 14. Nd2 Bd5 15. Nc4 Nxc4 16. dxc4 Bxc4 {0-1 (27) Fargac,M (2056)-Jaworski,M (2321) Karvina 2012}) 14. Bb2 (14. Qe1 $15) 14... Ra5 $17 {[%cal Ba8a5,Ba5b5,Bb5b3][%mdl 32]} 15. e3 dxe3 ({Keinesfalls} 15... Rxb5 16. Bxd4 c5 17. Qh5 $17) 16. fxe3 Rxb5 17. Bd4 (17. Rb1 $142) 17... c5 $19 18. Bc3 Rb3 {...f5 ist eine echte Drohung.} 19. Qc2 (19. Ba5 {war erzwungen.}) 19... Nd5 20. Bd2 b6 21. Nc3 Rxc3 22. Bxc3 Nxe3 23. Qxa4 $2 (23. Qb2 Nxf1 24. Bxf1) 23... Qxd3 24. Be1 Nxg2 25. Kxg2 {[#]} Bh3+ $1 {[%mdl 512] Precision: Weiß = 17%, Schwarz = 74%.} 0-1

[Event "RUS-ch Rapid Men 2018"]
[Site "Sochi"]
[Date "2018.10.06"]
[Round "11"]
[White "Jary, Sergey"]
[Black "Chekhov, Sergei"]
[Result "0-1"]
[WhiteElo "2286"]
[BlackElo "2463"]
[Annotator "RC"]
[PlyCount "92"]
[EventDate "2018.10.05"]
[EventType "swiss"]
[EventCountry "RUS"]
[SourceTitle "playchess.com"]
[Source "ChessBase"]
[SourceQuality "1"]
[TimeControl "900+10"]

1. d4 {[%emt 0:00:00]} Nf6 {[%emt 0:00:00]} 2. g3 {[%emt 0:00:00]} e6 {[%emt 0:00:13]} 3. Bg2 {[%emt 0:00:00]} c5 {[%emt 0:00:01]} 4. c3 {[%emt 0:00:02]} Be7 {[%emt 0:00:11]} 5. e4 {[%emt 0:00:05]} d5 {[%emt 0:00:18]} 6. e5 {[%emt 0:00:12]} Nfd7 {[%emt 0:00:02]} 7. Ne2 {[%emt 0:00:01]} b6 {[%emt 0:00:05]} 8. O-O {[%emt 0:00:06]} Nc6 {[%emt 0:00:07]} 9. f4 {[%emt 0:00:16]} g6 {[%emt 0:00:08]} 10. Be3 {[%emt 0:00:12]} h5 {[%emt 0:00:07]} 11. Nd2 {[%emt 0:00:07]} a5 {[%emt 0:00:05]} 12. Nf3 {[%emt 0:00:06]} Ba6 {[%emt 0:00:14]} 13. Re1 {[%emt 0:00:11]} Qc7 {[%emt 0:00:47]} 14. Qd2 {[%emt 0:00:10]} a4 {[%emt 0:00:38]} 15. Kf2 {[%emt 0:00:12]} Na5 {[%emt 0:00:09]} 16. Qc2 {[%emt 0:00:47]} cxd4 {[%emt 0:01:05]} 17. Nexd4 {[%emt 0:00:19]} Nc5 {[%emt 0:00:10]} 18. Bf1 {[%emt 0:00:08]} Ne4+ {[%emt 0:01:00]} 19. Kg2 {[%emt 0:00:13]} Bxf1+ {[%emt 0:00:05]} 20. Rxf1 {[%emt 0:00:21]} a3 {[%emt 0:00:40]} 21. b4 {[%emt 0:00:26]} Nc4 {[%emt 0:00:18]} 22. Bg1 {[%emt 0:00:11]} h4 {[%emt 0:00:08]} 23. Rae1 {[%emt 0:01:52]} Nb2 {[%emt 0:01:29]} 24. Ng5 {[%emt 0:03:49]} Bxg5 {[%emt 0:01:17]} 25. Rxe4 {[%emt 0:00:02]} dxe4 {[%emt 0:00:20]} 26. Nb5 {[%emt 0:00:26]} Qc6 {[%emt 0:00:40]} 27. Nd6+ {[%emt 0:00:01]} Ke7 {[%emt 0:00:01]} 28. fxg5 {[%emt 0:00:15]} e3+ {[%emt 0:00:22]} 29. Kh3 {[%emt 0:00:05]} hxg3+ {[%emt 0:00:28]} 30. Kxg3 {[%emt 0:00:04]} Rh7 {[%emt 0:00:21]} 31. Qe4 {[%emt 0:03:24]} Qxe4 32. Nxe4 {[%emt 0:00:01]} Rah8 {[%emt 0:01:44]} 33. Kf3 {[%emt 0:00:33]} Nc4 {[%emt 0:00:13]} 34. Ke2 {[%emt 0:00:32]} Rd8 {[%emt 0:00:47]} 35. Rf4 {[%emt 0:00:54]} Nxe5 {[%emt 0:00:38]} 36. h4 {[%emt 0:00:44]} Nd3 {[%emt 0:00:41]} 37. Rg4 {[%emt 0:00:03]} Ne5 {[%emt 0:00:10]} 38. Rf4 {[%emt 0:00:07]} Nd3 {[%emt 0:00:01]} 39. Rg4 {[%emt 0:00:01]} Nc1+ {[%emt 0:00:01]} 40. Kxe3 {[%emt 0:00:37]} Nxa2 {[%emt 0:00:08]} 41. Bf2 {[%emt 0:03:14]} Nc1 {[%emt 0:01:20]} 42. Rg1 {[%emt 0:00:38]} Nb3 {[%emt 0:00:11]} 43. Nf6 {[%emt 0:00:05]} Rhh8 {[%emt 0:00:16]} 44. Kf3 {[%emt 0:00:06]} Rd3+ {[%emt 0:00:43]} 45. Kg2 {[%emt 0:00:14]} Rd2 {[%emt 0:00:23]} 46. Kf3 {[%emt 0:00:02]} Rxf2+ {[%emt 0:00:27]} 0-1